[Event "Stuttgarter Stadtmeisterschaft B"]
[Site "Ditzingen"]
[Date "2015.05.15"]
[Round "3.51"]
[White "Schmölzing, Matthias"]
[Black "Kalwei, Reinhard"]
[Result "1/2-1/2"]
[WhiteElo "1568"]
[BlackElo "1510"]
[PlyCount "118"]
[EventDate "2015.??.??"]
[WhiteTeam "SV Würzburg"]
[BlackTeam "SC Aidlingen"]

1. e4 c5 2. Nf3 Nc6 3. d4 cxd4 4. Nxd4 Nf6 5. Nc3 a6 6. Bg5 e6 7. f4 Be7 8.
Nxc6 bxc6 9. Qf3 O-O 10. O-O-O Ne8 11. Bxe7 Qxe7 12. g4 e5 13. f5 Qg5+ 14. Kb1
Qf4 15. Qxf4 exf4 16. Bg2 h6 17. h4 Nf6 18. Bf3 Rd8 19. g5 hxg5 20. hxg5 Nh7
21. Rhg1 Bb7 22. g6 fxg6 23. Rxg6 Nf8 24. Rg4 d6 25. Rdg1 Rd7 26. Ne2 Nh7 27.
Nxf4 Nf6 28. Rg6 Rf8 29. Ne6 Rff7 30. c4 c5 31. Re1 Nh7 32. Kc2 Nf8 33. Rg4 Rf6
34. Nf4 Re7 35. Nd5 Bxd5 36. cxd5 Nd7 37. Be2 a5 38. Rh4 Rh6 39. Rxh6 gxh6 40.
Rg1+ Rg7 41. Rxg7+ Kxg7 42. Bf3 Kf6 43. Kb3 Kg5 44. Ka4 Ne5 45. Bh1 h5 46. Kxa5
Nc4+ 47. Kb5 Nxb2 48. a4 c4 49. Kb4 c3 50. Kxc3 Nxa4+ 51. Kd4 Kf6 52. Ke3 Kg5
53. Kf3 Nc5 54. Ke3 Nd7 55. Kd4 Ne5 56. Kc3 h4 57. Kd2 Ng4 58. Ke2 Kf4 59. Kf1
Ke5 1/2-1/2

[Event "Stuttgarter Stadtmeisterschaft B"]
[Site "Ditzingen"]
[Date "2015.05.15"]
[Round "3.52"]
[White "Conrady, Philipp"]
[Black "Schreiber, Winfried"]
[Result "0-1"]
[WhiteElo "1366"]
[BlackElo "1563"]
[PlyCount "56"]
[EventDate "2015.??.??"]
[WhiteTeam "SV Würzburg"]

1. d4 Nf6 2. c4 e6 3. Nc3 g6 4. e4 d6 5. f3 Bg7 6. Be3 O-O 7. Bd3 Nbd7 8. Qd2
c5 9. d5 exd5 10. exd5 Ne5 11. g4 a6 12. a4 Nxd3+ 13. Qxd3 Nd7 14. f4 Qh4+ 15.
Kd2 Qxg4 16. Rf1 Nb6 17. Rf2 Bf5 18. Qf1 Qh4 19. Nd1 Nxa4 20. b3 Nb6 21. Ne2 a5
22. Ng3 Qf6 23. Nxf5 Qxf5 24. Rg2 Qb1 25. Qd3 Qa2+ 26. Qc2 Qxc2+ 27. Kxc2 a4
28. Kb1 axb3 0-1

[Event "Stuttgarter Stadtmeisterschaft B"]
[Site "Ditzingen"]
[Date "2015.05.15"]
[Round "3.53"]
[White "Grünwald, Max"]
[Black "Hoch, Jannik"]
[Result "1-0"]
[WhiteElo "1560"]
[BlackElo "1325"]
[PlyCount "76"]
[EventDate "2015.??.??"]
[WhiteTeam "SV Jedesheim"]
[BlackTeam "SV Dettingen Erms"]

1. e4 c5 2. b4 b6 3. Nf3 d6 4. bxc5 bxc5 5. Bc4 Nc6 6. d3 Rb8 7. Ng5 e6 8. O-O
Be7 9. f4 Bf6 10. c3 Qa5 11. Qe1 Nd4 12. Rf2 Qa4 13. Be3 Nc2 14. Qd1 h6 15. Nf3
Qxc4 16. dxc4 Nxe3 17. Qxd6 Rb6 18. Qd3 Ng4 19. Rd2 Be7 20. Na3 N8f6 21. Nb5
O-O 22. e5 Nh7 23. h3 Rd8 24. Qe2 Rxd2 25. Qxd2 a6 26. Nd6 Nxe5 27. fxe5 f6 28.
Nxc8 Rb7 29. Nxe7+ Rxe7 30. Qd8+ Kf7 31. Rd1 fxe5 32. Rd7 Nf6 33. Qxe7+ Kg6 34.
Qxg7+ Kf5 35. Rf7 Ke4 36. Qxf6 Kd3 37. Qxe5 Kxc4 38. Rc7 Kd3 1-0

[Event "Stuttgarter Stadtmeisterschaft B"]
[Site "Ditzingen"]
[Date "2015.05.15"]
[Round "3.54"]
[White "Weber, Yannik"]
[Black "Ustaosman, Hasan"]
[Result "1-0"]
[WhiteElo "1545"]
[BlackElo "1145"]
[PlyCount "95"]
[EventDate "2015.??.??"]
[WhiteTeam "SC Neckarsulm"]
[BlackTeam "TSG Steinheim"]

1. d4 d5 2. c4 e6 3. Nf3 Bb4+ 4. Bd2 f5 5. e3 Nf6 6. Qb3 Qd6 7. c5 Bxc5 8. dxc5
Qxc5 9. Qb5+ Qc6 10. Qxc6+ bxc6 11. Nc3 O-O 12. Rc1 Bb7 13. Na4 Nbd7 14. Nd4
Ne4 15. Nxe6 Rfc8 16. Nac5 Ndxc5 17. Nxc5 Nxc5 18. Rxc5 Re8 19. Bd3 f4 20. O-O
fxe3 21. Bxe3 g6 22. Bf4 Re7 23. f3 Kg7 24. Kf2 h5 25. Re1 Rf7 26. Re6 Rxf4 27.
Rxg6+ Kf8 28. Rh6 h4 29. Ba6 Bxa6 30. Rh8+ Ke7 31. Rxa8 Bb5 32. Rxa7 Kd6 33.
Rc2 c5 34. Ra5 c6 35. g3 hxg3+ 36. hxg3 Rd4 37. g4 Ke5 38. Kg3 c4 39. a4 Bxa4
40. Rxa4 Rd3 41. Ra6 c5 42. Ra5 Kd6 43. Kf4 d4 44. Rxc4 Kd5 45. Raxc5+ Kd6 46.
Ke4 Re3+ 47. Kxd4 Rxf3 48. Rc6+ 1-0

[Event "Stuttgarter Stadtmeisterschaft B"]
[Site "Ditzingen"]
[Date "2015.05.15"]
[Round "3.55"]
[White "Stegmiller, Dennis"]
[Black "Hirtreiter, Norbert"]
[Result "1-0"]
[WhiteElo "1349"]
[BlackElo "1531"]
[PlyCount "111"]
[EventDate "2015.??.??"]
[WhiteTeam "TSF Ditzingen"]
[BlackTeam "SK München Südost"]

1. d4 d5 2. c4 b6 3. g3 Nf6 4. Bg2 Bb7 5. e3 e6 6. Ne2 Bb4+ 7. Bd2 Bxd2+ 8.
Nxd2 O-O 9. O-O Ne4 10. Nxe4 dxe4 11. Nf4 Qd6 12. Qg4 f5 13. Qh4 Nd7 14. Rfd1
Nf6 15. Rac1 h6 16. Ne2 c5 17. Qf4 Rad8 18. Qxd6 Rxd6 19. dxc5 Rxd1+ 20. Rxd1
bxc5 21. Rd6 Kf7 22. Nf4 Ke7 23. Rxe6+ Kd7 24. Re5 g5 25. Ne2 Ne8 26. Rxc5 Kd6
27. Ra5 a6 28. c5+ Kc7 29. Nd4 Rf6 30. b4 Kb8 31. c6 Bxc6 32. Rxa6 Bb7 33. Rxf6
Nxf6 34. Nxf5 h5 35. Kf1 Kc7 36. Ke1 Kb6 37. Kd2 Bd5 38. a3 Kb5 39. Kc3 Ka4 40.
Kb2 Ng4 41. Bf1 Nxf2 42. b5 Nd3+ 43. Bxd3 exd3 44. Kc3 d2 45. Kxd2 Kxb5 46. Kd3
Ka4 47. Kd4 Ba2 48. Ng7 Bf7 49. e4 Kxa3 50. e5 Kb2 51. e6 Bg6 52. e7 Kc2 53.
e8=Q Bxe8 54. Nxe8 Kd2 55. Ke5 Ke3 56. Kf5 1-0

[Event "Stuttgarter Stadtmeisterschaft B"]
[Site "Ditzingen"]
[Date "2015.05.15"]
[Round "3.56"]
[White "Götzfried, Alexander"]
[Black "Steinhart, Matthias"]
[Result "0-1"]
[WhiteElo "1893"]
[BlackElo "1768"]
[PlyCount "84"]
[EventDate "2015.??.??"]
[WhiteTeam "Stuttgarter SF 1879"]
[BlackTeam "SF Freiberg"]

1. d4 d5 2. c4 Nc6 3. Nf3 Bg4 4. e3 e5 5. dxe5 dxc4 6. Qxd8+ Rxd8 7. Bxc4 Bxf3
8. gxf3 Nxe5 9. Be2 Nf6 10. Nc3 Bb4 11. Bd2 O-O 12. O-O-O Nd3+ 13. Bxd3 Rxd3
14. Ne4 Nxe4 15. fxe4 Bxd2+ 16. Rxd2 Rxd2 17. Kxd2 Rd8+ 18. Ke2 Kf8 19. Rc1 c6
20. Rc3 Ke7 21. Ra3 a6 22. Rb3 Rb8 23. Rb6 Kd6 24. a4 Kc7 25. a5 Rd8 26. e5 Re8
27. f4 Re6 28. Kf3 Rh6 29. f5 Rh3+ 30. Kf4 Rh4+ 31. Kf3 Rh3+ 32. Ke4 Rh4+ 33.
Kd3 Rh5 34. e4 g6 35. e6 fxe6 36. f6 Rxh2 37. Ke3 Rh1 38. Kf2 Rh4 39. Kg3 Rh1
40. Kf4 Ra1 41. b4 h5 42. Kg5 Rg1+ 0-1

[Event "Stuttgarter Stadtmeisterschaft B"]
[Site "Ditzingen"]
[Date "2015.05.15"]
[Round "3.57"]
[White "Pibernik, Dario"]
[Black "Brunner, Jan"]
[Result "0-1"]
[WhiteElo "1525"]
[BlackElo "1773"]
[PlyCount "78"]
[EventDate "2015.??.??"]
[WhiteTeam "SV Schorndorf"]
[BlackTeam "SpVgg Rommelshausen"]

1. e4 c5 2. Nf3 d6 3. d4 cxd4 4. Nxd4 Nf6 5. Nc3 a6 6. a4 e6 7. Bg5 Be7 8. Bd3
O-O 9. Qd2 Nc6 10. Nf3 Qc7 11. O-O b6 12. Rfe1 Bb7 13. Ne2 Ne5 14. Nxe5 dxe5
15. Ng3 Rfd8 16. Bxf6 Bxf6 17. Qe2 g6 18. Qg4 Bg7 19. h4 Rd4 20. Qh3 Qd7 21. b3
Rf8 22. Rad1 f5 23. exf5 exf5 24. h5 Bf6 25. hxg6 hxg6 26. Bc4+ Kg7 27. Rxd4
Qxd4 28. Ne2 Qd2 29. Qc3 Qg5 30. Qg3 Qh6 31. Rd1 Bc6 32. Bxa6 Rh8 33. Kf1 Qh1+
34. Ng1 f4 35. Qg4 Rh4 36. Qc8 Qxg2+ 37. Ke2 f3+ 38. Kd2 Qg5+ 39. Kc3 e4+ 0-1

[Event "Stuttgarter Stadtmeisterschaft B"]
[Site "Ditzingen"]
[Date "2015.05.15"]
[Round "4.1"]
[White "Florin, Jon"]
[Black "Lehmann, Stefan"]
[Result "0-1"]
[WhiteElo "1858"]
[BlackElo "1864"]
[PlyCount "42"]
[EventDate "2015.??.??"]
[BlackTeam "Ssg Fils-Lauter e. V."]

1. e4 e5 2. Nf3 Nc6 3. Bb5 a6 4. Bxc6 dxc6 5. O-O f6 6. d4 exd4 7. Nxd4 Ne7 8.
Be3 b6 9. Qh5+ g6 10. Qf3 Bg7 11. Rd1 Kf7 12. Nxc6 Qe8 13. Ne5+ Kg8 14. Nd3 Bb7
15. Qf4 Qc6 16. Nc3 f5 17. Ne5 Qe6 18. Bd4 c5 19. exf5 Nxf5 20. Nxg6 Qxg6 21.
Ne4 Nxd4 0-1

[Event "Stuttgarter Stadtmeisterschaft B"]
[Site "Ditzingen"]
[Date "2015.05.15"]
[Round "4.2"]
[White "Paschmann, Stefan"]
[Black "Bälz, Jürgen"]
[Result "1/2-1/2"]
[WhiteElo "1881"]
[BlackElo "1802"]
[PlyCount "49"]
[EventDate "2015.??.??"]
[WhiteTeam "Krefelder Schachklub Turm 1851 e"]
[BlackTeam "TSV Willsbach"]

1. d4 Nf6 2. Nf3 e6 3. Bg5 h6 4. Bh4 d5 5. e3 c5 6. c3 Be7 7. Nbd2 O-O 8. Bd3
b6 9. Ne5 Bb7 10. O-O Nc6 11. f4 Nd7 12. Bg3 a6 13. a4 f5 14. Ng6 Rf6 15. Nxe7+
Nxe7 16. Bh4 Rf8 17. Nf3 Qe8 18. Be2 Ng6 19. Bg3 Bc6 20. Nd2 c4 21. b4 b5 22.
a5 Nf6 23. Bf3 Qd7 24. Rc1 Rac8 25. Bf2 1/2-1/2

[Event "Stuttgarter Stadtmeisterschaft B"]
[Site "Ditzingen"]
[Date "2015.05.15"]
[Round "4.3"]
[White "Zimmermann, Tobias"]
[Black "Lüdke, Joshua"]
[Result "0-1"]
[WhiteElo "1804"]
[BlackElo "1823"]
[PlyCount "68"]
[EventDate "2015.??.??"]
[WhiteTeam "SC Schachmatt Botnang"]
[BlackTeam "SV Marbach"]

1. e4 e6 2. d4 d5 3. Nd2 Nf6 4. Bd3 c5 5. c3 Nc6 6. Ne2 Qb6 7. e5 Nd7 8. Nf3 f6
9. exf6 Nxf6 10. O-O cxd4 11. cxd4 Bd6 12. b3 Bd7 13. Bf4 Bxf4 14. Nxf4 O-O-O
15. Rc1 Kb8 16. Ne2 Be8 17. Nf4 Bd7 18. Re1 Rde8 19. Bb1 g5 20. Nxg5 Nxd4 21.
Nf7 Rhg8 22. Ne5 Re7 23. a4 Nxb3 24. Nxd7+ Nxd7 25. Nxd5 exd5 26. Rxe7 Nxc1 27.
Qxc1 Qd6 28. Rxh7 d4 29. Bd3 Nc5 30. Qc4 Rc8 31. g3 Nxd3 32. Qxd3 Qd5 33. f3
Qa2 34. Qd1 Qb2 0-1

[Event "Stuttgarter Stadtmeisterschaft B"]
[Site "Ditzingen"]
[Date "2015.05.15"]
[Round "4.4"]
[White "Wezel, Sebastian"]
[Black "Reichardt, Bernd"]
[Result "1-0"]
[WhiteElo "1866"]
[BlackElo "1750"]
[PlyCount "35"]
[EventDate "2015.??.??"]
[WhiteTeam "SV Dettingen Erms"]
[BlackTeam "SF Markgräflerland"]

1. e4 e6 2. d4 c5 3. Nf3 cxd4 4. c3 dxc3 5. Nxc3 a6 6. Bc4 b5 7. Bb3 Bc5 8. O-O
Bb7 9. Qe2 Ne7 10. e5 Nbc6 11. Ne4 Nd4 12. Nxd4 Bxd4 13. Nd6+ Kf8 14. Nxb7 Qc7
15. Nd6 Ng6 16. Qf3 f5 17. Qxa8+ Ke7 18. Bg5# 1-0

[Event "Stuttgarter Stadtmeisterschaft B"]
[Site "Ditzingen"]
[Date "2015.05.15"]
[Round "4.5"]
[White "Rieder, Josef"]
[Black "Jäger, Hans-Ulrich"]
[Result "0-1"]
[WhiteElo "1800"]
[BlackElo "1838"]
[PlyCount "40"]
[EventDate "2015.??.??"]
[WhiteTeam "Stuttgarter SF"]
[BlackTeam "SC Sillenbuch"]

1. e4 e5 2. Nf3 Nc6 3. Bb5 a6 4. Ba4 Nf6 5. O-O Be7 6. Re1 b5 7. Bb3 O-O 8. c3
d5 9. exd5 Nxd5 10. a4 b4 11. h3 Bb7 12. Nxe5 Nxe5 13. Rxe5 Nf4 14. f3 Bd6 15.
d4 Bxe5 16. dxe5 Qg5 17. Bxf4 Qxf4 18. e6 fxe6 19. Bxe6+ Kh8 20. cxb4 Qe3+ 0-1

[Event "Stuttgarter Stadtmeisterschaft B"]
[Site "Ditzingen"]
[Date "2015.05.15"]
[Round "4.6"]
[White "Tönjes, Jürgen"]
[Black "Baars, Mario"]
[Result "0-1"]
[WhiteElo "1838"]
[BlackElo "1771"]
[PlyCount "110"]
[EventDate "2015.??.??"]
[WhiteTeam "SF Lilienthal"]
[BlackTeam "SG Schwäbisch Gmünd 1872 e.V"]

1. d4 d5 2. Bf4 e6 3. Nf3 Nf6 4. e3 c5 5. c3 Nc6 6. Be2 Be7 7. Nbd2 O-O 8. Qc2
a6 9. dxc5 Bxc5 10. O-O Re8 11. Ne5 Nxe5 12. Bxe5 Nd7 13. Bg3 b5 14. Nb3 Ba7
15. a4 bxa4 16. Rxa4 Bb8 17. Rfa1 Bxg3 18. hxg3 Qb6 19. Rb4 Qd6 20. Rh4 g6 21.
Na5 Ne5 22. Qa4 Qe7 23. Qd4 f6 24. f4 Nd7 25. b4 Qf7 26. Bf3 Rb8 27. Kf2 Kg7
28. Rah1 Nf8 29. g4 Bb7 30. Nxb7 Rxb7 31. g5 Rd7 32. gxf6+ Kg8 33. g4 Rc7 34.
Be2 Rec8 35. Rc1 Nd7 36. g5 Rc6 37. Rhh1 e5 38. fxe5 Re6 39. Qxd5 Rxf6+ 40.
exf6 Qxd5 41. Rhg1 Qf5+ 42. Ke1 Qe5 43. Kf2 Rxc3 44. Rxc3 Qxc3 45. Bxa6 Qxb4
46. Be2 Ne5 47. Rg3 Qe4 48. Kg1 Nf7 49. Kf2 Qf5+ 50. Rf3 Qxg5 51. Rf4 h5 52.
Bc4 h4 53. Be6 Qg3+ 54. Ke2 g5 55. Rg4 Qe5 0-1

[Event "Stuttgarter Stadtmeisterschaft B"]
[Site "Ditzingen"]
[Date "2015.05.15"]
[Round "4.7"]
[White "Jantos, Stefan"]
[Black "Longo, Massimo"]
[Result "1/2-1/2"]
[WhiteElo "1825"]
[BlackElo "1580"]
[PlyCount "85"]
[EventDate "2015.??.??"]
[WhiteTeam "SF Oeffingen"]
[BlackTeam "SK Germering"]

1. e4 d6 2. d4 e5 3. dxe5 dxe5 4. Qxd8+ Kxd8 5. Nf3 Nd7 6. Bc4 Ke8 7. O-O Be7
8. Nc3 c6 9. Be3 Ngf6 10. a4 b6 11. Ne1 Bb4 12. f3 Bxc3 13. bxc3 h6 14. Nd3 g5
15. Nb4 Bb7 16. a5 c5 17. a6 Bxe4 18. fxe4 cxb4 19. cxb4 Ke7 20. Rad1 Rac8 21.
Bd3 Nb8 22. Rf5 Nfd7 23. b5 f6 24. Rdf1 Rhf8 25. Bc1 Nc5 26. Ba3 Nbd7 27. Bc4
Rc7 28. Bd5 Nb8 29. R1f3 Nbd7 30. h4 Rcc8 31. hxg5 hxg5 32. Bc6 Nb8 33. Bd5
Nbd7 34. Rc3 Rc7 35. Rh3 Kd6 36. Rh7 Rcc8 37. Rf3 f5 38. Rh6+ Rf6 39. Rxf6+
Nxf6 40. Rxf5 Nxd5 41. exd5 Kxd5 42. Rxg5 Ne6 43. Rh5 1/2-1/2

[Event "Stuttgarter Stadtmeisterschaft B"]
[Site "Ditzingen"]
[Date "2015.05.15"]
[Round "4.8"]
[White "Tölg, Wolfgang"]
[Black "Kleih, Julian"]
[Result "1/2-1/2"]
[WhiteElo "1720"]
[BlackElo "1823"]
[PlyCount "47"]
[EventDate "2015.??.??"]
[WhiteTeam "SF Oeffingen"]
[BlackTeam "SV Dettingen Erms"]

1. e4 c5 2. Nf3 Nc6 3. d4 cxd4 4. Nxd4 g6 5. Bc4 Bg7 6. Be3 Nf6 7. Nc3 O-O 8.
O-O Nxe4 9. Nxc6 bxc6 10. Nxe4 d5 11. Bb3 dxe4 12. c3 Qc7 13. Qc2 Bf5 14. h3 h5
15. Rad1 c5 16. Bd5 Rab8 17. Rd2 Rfd8 18. Rfd1 e6 19. Bxe4 Rxd2 20. Rxd2 Bxe4
21. Qxe4 c4 22. Bd4 Qd7 23. Qe3 Bxd4 24. cxd4 1/2-1/2

[Event "Stuttgarter Stadtmeisterschaft B"]
[Site "Ditzingen"]
[Date "2015.05.15"]
[Round "4.9"]
[White "Dreyer, Andre"]
[Black "Schröck, Holger"]
[Result "1-0"]
[WhiteElo "1891"]
[BlackElo "1499"]
[PlyCount "55"]
[EventDate "2015.??.??"]
[WhiteTeam "SV Stockenhausen-Frommern"]
[BlackTeam "TSV Heumaden"]

1. d4 d5 2. c4 e6 3. Nc3 Nf6 4. Bg5 c5 5. cxd5 exd5 6. Nf3 Nc6 7. e3 Be6 8. Bb5
Be7 9. Ne5 Qb6 10. O-O O-O 11. Bxc6 bxc6 12. Na4 Qb5 13. dxc5 h6 14. Bh4 Rfe8
15. Rc1 Ng4 16. Bg3 Nxe5 17. Bxe5 Bf5 18. Bd4 Bg5 19. Nc3 Qxb2 20. Nxd5 Qb7 21.
Nc3 Rad8 22. Qa4 Rxd4 23. Qxd4 Rd8 24. Qa4 Qb2 25. Ne4 Bxe4 26. Qxe4 Rd2 27.
Rb1 Qxa2 28. Rb8+ 1-0

[Event "Stuttgarter Stadtmeisterschaft B"]
[Site "Ditzingen"]
[Date "2015.05.15"]
[Round "4.10"]
[White "Potthast, Christian"]
[Black "Behm, Wilfried"]
[Result "0-1"]
[WhiteElo "1751"]
[BlackElo "1844"]
[PlyCount "58"]
[EventDate "2015.??.??"]
[WhiteTeam "SF Kornwestheim"]
[BlackTeam "SV Stuttgart-Wolfbusch"]

1. d4 d5 2. c4 Nf6 3. Nf3 e6 4. g3 Nbd7 5. Qc2 c6 6. Bg2 Bd6 7. O-O Ne4 8. Nc3
f5 9. b3 O-O 10. Nd2 Ndf6 11. Bb2 Ng4 12. Ndxe4 fxe4 13. Qd2 Qf6 14. h3 Nh6 15.
e3 Nf7 16. Ne2 Ng5 17. Kh1 Qh6 18. Nf4 Nf3 19. Qd1 g5 20. Ne2 e5 21. Ng1 g4 22.
Bxf3 exf3 23. dxe5 Be7 24. cxd5 cxd5 25. Qxd5+ Be6 26. Qxb7 Rae8 27. Rac1 Rf5
28. Rc6 Rh5 29. h4 Rxh4+ 0-1

[Event "Stuttgarter Stadtmeisterschaft B"]
[Site "Ditzingen"]
[Date "2015.05.15"]
[Round "4.11"]
[White "Rühl, Volker"]
[Black "Kusch, Jacek"]
[Result "1-0"]
[WhiteElo "1830"]
[BlackElo "1720"]
[PlyCount "59"]
[EventDate "2015.??.??"]
[WhiteTeam "VfL Sindelfingen"]
[BlackTeam "SV Urach"]

1. f4 c5 2. g3 Nc6 3. Nf3 g6 4. e4 e6 5. Bg2 d6 6. O-O Bg7 7. c3 c4 8. d4 cxd3
9. Qxd3 Nge7 10. Be3 O-O 11. Na3 a6 12. Rfd1 d5 13. exd5 Nxd5 14. Bc5 Re8 15.
Ng5 Nf6 16. Nc4 Nd7 17. Bxc6 bxc6 18. Nb6 Ra7 19. Nxc8 Rb7 20. Nb6 Bf8 21. Nxd7
Bxc5+ 22. Nxc5 Qb6 23. Qd4 e5 24. fxe5 Rbe7 25. Nd7 Qxb2 26. Nf6+ Kf8 27. Nxe8
Rxe8 28. Rf1 f5 29. Rab1 Qxa2 30. Nxh7+ 1-0

[Event "Stuttgarter Stadtmeisterschaft B"]
[Site "Ditzingen"]
[Date "2015.05.15"]
[Round "4.12"]
[White "Gorb, Eugeniusz"]
[Black "Grünert, Thomas"]
[Result "0-1"]
[WhiteElo "1725"]
[BlackElo "1826"]
[PlyCount "36"]
[EventDate "2015.??.??"]
[WhiteTeam "SK Sachsenheim"]
[BlackTeam "SF Illingen"]

1. e4 c5 2. Nf3 e6 3. Nc3 a6 4. d4 cxd4 5. Nxd4 Bb4 6. Bd2 Nc6 7. Nxc6 dxc6 8.
a3 Ba5 9. Bd3 e5 10. O-O Nf6 11. Kh1 O-O 12. f4 Ng4 13. h3 Bb6 14. Qf3 Qh4 15.
Be1 Qh6 16. Bg3 Ne3 17. Rfe1 Bxh3 18. Kg1 Bg4 0-1

[Event "Stuttgarter Stadtmeisterschaft B"]
[Site "Ditzingen"]
[Date "2015.05.15"]
[Round "4.13"]
[White "Fischer, Lothar"]
[Black "Bender, Jonas"]
[Result "0-1"]
[WhiteElo "1717"]
[BlackElo "1814"]
[PlyCount "34"]
[EventDate "2015.??.??"]
[WhiteTeam "SV Reutlingen"]
[BlackTeam "SV Stuttgart-Wolfbusch"]

1. e4 c5 2. c3 g6 3. Nf3 Bg7 4. d4 cxd4 5. cxd4 d5 6. e5 Bg4 7. Qa4+ Nc6 8. Be2
Nh6 9. h3 Bxf3 10. Bxf3 O-O 11. Nc3 e6 12. g4 f6 13. O-O fxe5 14. g5 Rxf3 15.
gxh6 Qh4 16. dxe5 d4 17. Ne2 Bxe5 0-1

[Event "Stuttgarter Stadtmeisterschaft B"]
[Site "Ditzingen"]
[Date "2015.05.15"]
[Round "4.14"]
[White "Hahn, Martin"]
[Black "Herbst, Rudolf"]
[Result "1-0"]
[WhiteElo "1809"]
[BlackElo "1681"]
[PlyCount "39"]
[EventDate "2015.??.??"]
[WhiteTeam "SF Oeffingen e.V."]
[BlackTeam "SG Fasanenhof"]

1. b3 c6 2. Bb2 d5 3. e3 Bf5 4. f4 e6 5. Nf3 Nf6 6. g3 Nbd7 7. Bg2 Be7 8. Nc3
h6 9. d3 Qb6 10. Qe2 Ng4 11. Nd4 Bb4 12. a3 Bxc3+ 13. Bxc3 O-O 14. e4 c5 15.
Nxf5 exf5 16. e5 d4 17. Bd2 Rfe8 18. O-O f6 19. Qf3 fxe5 20. Qd5+ 1-0

[Event "Stuttgarter Stadtmeisterschaft B"]
[Site "Ditzingen"]
[Date "2015.05.15"]
[Round "4.15"]
[White "Schröder, Stefan"]
[Black "Paulsen, Jonathan"]
[Result "1/2-1/2"]
[WhiteElo "1791"]
[BlackElo "1714"]
[PlyCount "82"]
[EventDate "2015.??.??"]
[WhiteTeam "Airbus Helicopters Sportgemeinsc"]
[BlackTeam "SC Stetten a.d.F."]

1. d4 Nf6 2. Nf3 g6 3. e3 Bg7 4. c4 O-O 5. Nc3 d5 6. Be2 c6 7. O-O Na6 8. b3
Nc7 9. Bb2 Bg4 10. Ne5 Bxe2 11. Qxe2 Nce8 12. c5 Nd7 13. Nd3 e5 14. dxe5 Nxe5
15. Rfd1 Qe7 16. Rac1 Nxd3 17. Rxd3 Nf6 18. Rdd1 Bh6 19. Rc2 Ne4 20. Nxe4 Qxe4
21. Qd3 Qxd3 22. Rxd3 Rae8 23. Rd4 f5 24. Kf1 Re4 25. Rxe4 fxe4 26. Ke2 Rf5 27.
b4 Rf8 28. Bd4 Bg7 29. a4 a6 30. Bxg7 Kxg7 31. f3 Re8 32. Rd2 Kf6 33. Rd4 Kf5
34. fxe4+ Rxe4 35. Kd3 Rxd4+ 36. Kxd4 h6 37. b5 a5 38. b6 Ke6 39. e4 dxe4 40.
Kxe4 Kf6 41. g4 g5 1/2-1/2

[Event "Stuttgarter Stadtmeisterschaft B"]
[Site "Ditzingen"]
[Date "2015.05.15"]
[Round "4.16"]
[White "Kelemen, Alexander"]
[Black "Pocrnic, Josip"]
[Result "1/2-1/2"]
[WhiteElo "1688"]
[BlackElo "1782"]
[PlyCount "23"]
[EventDate "2015.??.??"]
[WhiteTeam "SC Weiße Dame Ulm"]
[BlackTeam "SF Conweiler"]

1. d4 Nf6 2. c4 e6 3. Nf3 Bb4+ 4. Bd2 Bxd2+ 5. Nbxd2 d5 6. g3 O-O 7. Bg2 c6 8.
O-O Qb6 9. Qc2 h6 10. Rab1 a6 11. e3 Nbd7 12. Rfc1 1/2-1/2

[Event "Stuttgarter Stadtmeisterschaft B"]
[Site "Ditzingen"]
[Date "2015.05.15"]
[Round "4.17"]
[White "Gheng, Dominik"]
[Black "Fuchs, Egbert"]
[Result "1/2-1/2"]
[WhiteElo "1771"]
[BlackElo "1681"]
[PlyCount "90"]
[EventDate "2015.??.??"]
[WhiteTeam "Schach-Kids Bernhausen e.V."]
[BlackTeam "SVG Vaihingen/Enz"]

1. e4 c5 2. c4 g6 3. Nc3 Bg7 4. g3 d6 5. Bg2 Nf6 6. Nge2 O-O 7. a3 Nc6 8. Rb1
Rb8 9. b4 cxb4 10. axb4 a5 11. bxa5 Nxa5 12. d3 b6 13. Be3 Ng4 14. Bd2 Ne5 15.
Qc2 Bg4 16. Ng1 Be6 17. f4 Nxd3+ 18. Qxd3 Bxc4 19. Qf3 Nb3 20. Nge2 Nxd2 21.
Kxd2 d5 22. exd5 e6 23. Kd1 exd5 24. Nxd5 Re8 25. Re1 Rc8 26. Nec3 Re6 27. Kc2
Bxd5 28. Qxd5 Rxc3+ 29. Kd2 Re8 30. Rxe8+ Qxe8 31. Be4 Rc5 32. Qd3 Rc7 33. Rxb6
Rd7 34. Bd5 Qd8 35. Rb5 Bf8 36. Ke2 Bb4 37. Qc4 Qe7+ 38. Kf3 Bd6 39. Bc6 Ra7
40. Rb3 Ra3 41. Rxa3 Bxa3 42. Bd5 Bb2 43. Qc8+ Kg7 44. Qb8 Qa3+ 45. Bb3 Qa6
1/2-1/2

[Event "Stuttgarter Stadtmeisterschaft B"]
[Site "Ditzingen"]
[Date "2015.05.15"]
[Round "4.18"]
[White "Kaufhold, Stephan"]
[Black "Collin, Alexander"]
[Result "1-0"]
[WhiteElo "1768"]
[BlackElo "1591"]
[PlyCount "115"]
[EventDate "2015.??.??"]
[WhiteTeam "SV Leonberg 1978 eV"]
[BlackTeam "Schach-Pinguine Murrhardt"]

1. d4 g6 2. e4 Bg7 3. Nf3 d6 4. Bc4 Nc6 5. c3 e5 6. O-O exd4 7. cxd4 Bg4 8. Be3
Bxf3 9. Qxf3 Qf6 10. Qxf6 Nxf6 11. f3 Nd7 12. Rd1 Nb6 13. Be2 O-O 14. Nc3 Rfe8
15. Rac1 a6 16. b3 Rad8 17. f4 h5 18. Bf3 f5 19. e5 d5 20. Nb1 Bf8 21. Be2 Re6
22. a3 Rd7 23. Rd3 Na7 24. Rdc3 c6 25. h3 Nb5 26. Bxb5 axb5 27. Rd3 Re8 28. Rc2
Ra8 29. Bc1 Re8 30. g4 Ree7 31. Rg3 Rg7 32. gxf5 gxf5 33. Rcg2 Rxg3 34. Rxg3+
Rg7 35. Kf2 Rxg3 36. Kxg3 Be7 37. Nd2 Na8 38. Nf3 Nc7 39. Nh4 Bxh4+ 40. Kxh4
Ne6 41. Be3 Ng7 42. Kg5 Kf7 43. h4 b6 44. Bf2 Ne6+ 45. Kxf5 c5 46. dxc5 bxc5
47. a4 c4 48. bxc4 dxc4 49. axb5 c3 50. Ke4 c2 51. Be3 Nc5+ 52. Kd5 Nb3 53. b6
Na5 54. f5 Ke8 55. e6 Kd8 56. f6 Ke8 57. f7+ Kf8 58. Bh6+ 1-0

[Event "Stuttgarter Stadtmeisterschaft B"]
[Site "Ditzingen"]
[Date "2015.05.15"]
[Round "4.19"]
[White "Forster, Lukas"]
[Black "Schreiber, Stephan"]
[Result "1-0"]
[WhiteElo "1571"]
[BlackElo "1767"]
[PlyCount "55"]
[EventDate "2015.??.??"]
[WhiteTeam "Stuttgarter SF 1879"]
[BlackTeam "SC Botnang"]

1. e4 c5 2. Nf3 d6 3. d4 cxd4 4. Nxd4 Nf6 5. Nc3 a6 6. Be3 e6 7. f3 Be7 8. Qd2
Qc7 9. O-O-O O-O 10. Kb1 Nc6 11. g4 Nxd4 12. Bxd4 e5 13. Be3 Be6 14. h4 Rfd8
15. Qf2 Nd7 16. g5 b5 17. Bh3 Rdc8 18. h5 Rab8 19. Nd5 Bxd5 20. exd5 Rf8 21.
Bf5 Qd8 22. Qg2 f6 23. g6 h6 24. Be6+ Kh8 25. Bxh6 Rg8 26. Bxg7+ Rxg7 27. h6
Rg8 28. g7+ 1-0

[Event "Stuttgarter Stadtmeisterschaft B"]
[Site "Ditzingen"]
[Date "2015.05.15"]
[Round "4.20"]
[White "Jenner, Erik"]
[Black "Boschmann, Werner"]
[Result "1-0"]
[WhiteElo "1760"]
[BlackElo "1519"]
[PlyCount "49"]
[EventDate "2015.??.??"]
[WhiteTeam "SV Schorndorf"]
[BlackTeam "SC Widdern"]

1. d4 d5 2. c4 e6 3. Nc3 Nf6 4. cxd5 exd5 5. Bg5 Be7 6. e3 O-O 7. Bd3 h6 8. Bh4
c6 9. Nge2 Re8 10. O-O Nbd7 11. f3 b5 12. a3 Nb6 13. b3 a5 14. e4 a4 15. b4 Bb7
16. e5 Nh7 17. Bf2 Nf8 18. f4 f6 19. Ng3 Nbd7 20. Qg4 fxe5 21. fxe5 Nh7 22. Nh5
g5 23. Qe6+ Kh8 24. Qxh6 Ndf8 25. Qg7# 1-0

[Event "Stuttgarter Stadtmeisterschaft B"]
[Site "Ditzingen"]
[Date "2015.05.15"]
[Round "4.21"]
[White "Sax, Leon"]
[Black "Strauss, Martin"]
[Result "1/2-1/2"]
[WhiteElo "1509"]
[BlackElo "1758"]
[PlyCount "33"]
[EventDate "2015.??.??"]
[WhiteTeam "SK Sachsenheim"]
[BlackTeam "SC Sillenbuch"]

1. e4 c5 2. Nf3 Nc6 3. c3 d5 4. e5 Bg4 5. d4 e6 6. Be2 Qb6 7. Nbd2 cxd4 8. cxd4
Bb4 9. O-O Nge7 10. Nb3 Bxf3 11. Bxf3 Nf5 12. Be3 O-O 13. Rc1 Rac8 14. Qd3 Nce7
15. Bg5 Nc6 16. Be3 Nce7 17. Bg5 1/2-1/2